000
00278pam a2200121 a 4500
020
_c
041
_h
100
_a
Banwari Lal M.R.V.P.Reddy
245
_a
Weath from waste second Edition
260
_b
Teri Energy And research Delhi
_c
2005
300
_a
175
930
_a
1654
999
_c
247507
_d
247507